000 00489nam a2200217Ia 4500
003 OSt
005 20221128163253.0
008 210423s1998 xx 000 0 und d
020 _a-
040 _cAL
041 _aeng
082 _a574.192 ZUBG
100 _aZUBAY (Geoffrey)
_964079
245 _aBiochemistry
260 _aDubuque
_bWCB Publishers
_c1998
300 _a440
_bPB
365 _cINR
650 _aBiochemistry
_964080
906 _aBiochemistry
942 _2ddc
_cBK
999 _c162710
_d162710